000 00713nam a2200253Ia 4500
005 20251020182533.0
008 200515s9999 xx 000 0 und d
082 _a72.011/P66/2A-B
100 _aPLAZOLA CISNEROS, Alfredo
245 0 _aEnciclopedia de arquitectura
260 _aMéxico, D.F.
260 _c1995
500 _a1 ejemplar
520 _aContiene: Terminal de Autobuses, Gasolineras, Banco y Bolsa, Baños, Biblioteca, Bodega, Estación de Bomberos
650 _aBANCOS
650 _aBAÑOS
650 _aBIBLIOTECAS
650 _aBODEGAS
650 _aDISEÑO ARQUITECTONICO
650 _aESTACIONES DE BOMBEROS
650 _aLIB
650 _aTERMINAL DE AUTOBUSES
942 _cLIB
999 _c2150
_d2150